Statistics for Animal Facts

Click here to take the quiz!

General Stats

  • This quiz has been taken 28,930 times
    (10,913 since last reset)
  • The average score is 12 of 21

Answer Stats

Description Animal % Correct
Eats mostly bambooGiant Panda
99%
Fastest land animalCheetah
88%
Biggest animal that has ever lived{Blue} Whale
87%
Tallest animalGiraffe
86%
Closest living relative to humansChimpanzee
84%
The other egg-laying mammalPlatypus
77%
Heaviest snakeGreen Anaconda
74%
Largest lizardKomodo Dragon
70%
Biggest fish{Whale} Shark
67%
Animal responsible for the most
human deaths (besides other humans)
Mosquito
56%
Longest snakeReticulated Python
56%
Species of Lonesome GeorgeGalápagos {Tortoise}
52%
Largest freshwater fish; its eggs
are an expensive delicacy
Beluga Sturgeon
50%
Spiky egg-laying mammalEchidna
45%
Bird with the greatest wingspanWandering {Albatross}
42%
Animal with the largest eyesColossal {Squid}
38%
Only marsupial found in
the United States
Virginia Opossum
37%
Animal that angora wool comes fromRabbit
33%
Camel with two humpsBactrian Camel
32%
Lizard, named for a biblical
character, that can run on water
{Jesus} {Christ} Lizard
29%
Nocturnal flightless parrot
of New Zealand
Kakapo
11%

Score Distribution

Percentile by Number Answered

Percent of People with Each Score

Your Score History

You have not taken this quiz since the last reset